000 00642 a2200205 4500
999 _c9055
_d9055
020 _a9781907764141
050 _aKJE2150 INS 2011
110 _aINSOL International
245 _aConsumer debt report ii :
_breport of findings and recommendations /
_cby INSOL International
264 _aLondon:
_bINSOL International,
_c2011.
300 _a336p. :
500 _aPublished by INSOL International
650 _aConsumer credit
_xlaw and legislation
650 _adebtor and creditor
650 _aConsumer protection
650 _aBankruptcy
650 _aForeclosure
710 _aINSOL International
942 _2lcc
_cBK
_h2150
_iINS
_kKJE